Guess The Guns N' Roses Song By Lyrics - Statistics

General Stats
  • This quiz has been taken 214 times
  • The average score is 10 of 15
Answer Stats
Hint Answer % Correct
She's got a smile that it seems to me/Reminds me of childhood memories Sweet Child O Mine
99%
We got everything you want/Honey, we know the names Welcome To The Jungle
94%
When I look into your eyes/I can see a love restrained November Rain
88%
Mama take this badge from me/I can't use it anymore Knockin' On Heaven's Door
82%
Loaded like a freight train/Flyin' like an aeroplane Night Train
75%
Your daddy works in pornoNow that mommy's not around She used to love her ****** But now she's underground My Michelle
74%
Just an urchin living under the street, I'm a/Hard case that's tough to beat Paradise City
74%
I see your sister in her Sunday dress/She's out to please, she pouts her best It's So Easy
70%
One, two, one, two, three, four/ Shed a tear 'cause I'm missin' you/ I'm still alright to smile Patience
70%
If I say I don't need anyone/I can say these things to you/ 'Cause I can turn on anyone, just like I've turned on you Rocket Queen
65%
I'm a cold heartbreaker/Fit to burn and I'll rip your heart in two You Could Be Mine
64%
Been hidin' out/And layin' low/ It's nothing new ta me Out Ta Get Me
57%
I've been lookin' for a trace/Lookin' for a heart/ Lookin' for a lover in a world that's much too dark You're Crazy
47%
It's a critical solution, and the east coast got the blues/ It's a mass of confusion, like the lies they sell to you Garden Of Eden
38%
And now I don't know why/She wouldn't say goodbye This I Love
38%
No matching quizzes found
Score Distribution
Percent of People with Each Score
Percentile by Number Answered
Your Score History
You have not taken this quiz